• 首页
  • 本馆介绍
  • 公告通知
  • 最新文献
  • 馆藏检索
  • 电子资源
  • 读者导购
  • 参考咨询
  • 我的图书馆
  • 登录
  • 详细信息显示
  • 放入我的书架
  • 预约/预借图书
  • 作者相关作品
  • 分类相关作品
  • 丛书相关作品
  • 出版社相关作品

书目信息

  • 表格格式
  • 工作单格式
  • 卡片格式
题名:
抗震救灾精神
    
 
作者: 黄宏 主编
分册:  
出版信息: 北京   人民出版社  2008
页数: 296页
开本: 21cm
丛书名: 弘扬革命精神系列丛书
单 册:
中图分类: D632.5 , C955.2
科图分类:
主题词: 抗震救灾--汶川县--2008 , 民族精神--研究--中国 , 抗震救灾 , 民族精神
电子资源:
ISBN: 978-7-01-007447-4
000 00980oam2 2200289 45
005 20100301113344.93
010    @a978-7-01-007447-4@dCNY18.00
100    @a20100120d2008 em y0chiy50 ea
101 0  @achi
102    @aCN@b110000
105    @ay z 000yy
106    @ar
200 1  @a抗震救灾精神@AKang Zhen Jiu Zai Jing Shen@f黄宏主编@FHuang Hong Zhu Bian
210    @a北京@c人民出版社@d2008
215    @a296页@d21cm
225 2  @a弘扬革命精神系列丛书
330    @a本书主要内容包括:中国特色社会主义伟大事业的强大精神动力;万众一心,众志成城;不畏艰险,百折不挠;以人为本,尊重科学;党的中央领导集体与抗震救灾精神;赋予抗震救灾精神新的时代内涵。
461  0 @12001 @a弘扬革命精神系列丛书
606 0  @a抗震救灾@y汶川县@z2008
606 0  @a民族精神@x研究@y中国
606 0  @a抗震救灾
606 0  @a民族精神
690    @aD632.5@v4
690    @aC955.2@v4
701  0 @a黄宏@AHuang Hong@4主编
801  0 @aCN@bTANGWEI@c20100301
905    @b0583911-15@dD632.5@e149@f5
    
    抗震救灾精神/黄宏主编.-北京:人民出版社,2008
    296页;21cm.-(弘扬革命精神系列丛书)
    
    
    ISBN 978-7-01-007447-4:CNY18.00
    本书主要内容包括:中国特色社会主义伟大事业的强大精神动力;万众一心,众志成城;不畏艰险,百折不挠;以人为本,尊重科学;党的中央领导集体与抗震救灾精神;赋予抗震救灾精神新的时代内涵。
●
相关链接 在E读中查询图书 在五车中查询图书 在当当中查询图书 在豆瓣中查询图书


正题名:抗震救灾精神     索取号:D632.5/149         预约/预借

序号 登录号 条形码 馆藏地/架位号 状态 备注
1 0583911   205839119   第一样本阅览室/ [索取号:D632.5/149] 在馆    
2 0583912   205839128   教育系资料室/ [索取号:D632.5/149] 在馆    
3 0583913   205839137   第一借阅区/ [索取号:D632.5/149] 在馆    
4 0583914   205839146   第一借阅区/ [索取号:D632.5/149] 在馆    
5 0583915   205839155   第一借阅区/ [索取号:D632.5/149] 在馆    
唐山师范学院图书馆 欢迎您!
大连网信软件有限公司© 版权所有